| 000 | 01178nam a2200337 4500 | ||
|---|---|---|---|
| 001 | 0000017301 | ||
| 003 | CO-CtgCURN | ||
| 005 | 20250329164824.0 | ||
| 007 | ta | ||
| 008 | 160627s2002 000 0 eng d | ||
| 020 | _a9701034619 | ||
| 040 |
_aCO-CtgCURN _bspa _ccoctgcurn |
||
| 082 | 0 |
_a658.022 _bA59a |
|
| 100 | 1 | _aAnzola Rojas, Servulo. | |
| 245 | 1 | 0 |
_aAdministración de la pequeña empresa / _cServulo Anzola Rojas. |
| 250 | _a2a ed. | ||
| 260 |
_aMexico : _bMcGraw-Hill, _c2002. |
||
| 300 | _axxii, 368 p. | ||
| 336 | _2rdacontent | ||
| 337 |
_2rdamedia _asin mediacion _bn |
||
| 338 |
_2rdacarrier _avolumen _bnc |
||
| 504 | _aBibliografia (p. 355-360) | ||
| 505 | 8 | _aLa pequeña empresa latinoamericana.--Conceptos basicos de la gestion administrativa.--Funciones operativas | |
| 650 | 1 | 4 | _aAdministración de empresas. |
| 908 | _a160627 | ||
| 942 |
_cBK _h658.022 _iA59a _2ddc |
||
| 999 |
_c1548 _d1548 |
||